| 000 | 00832nam a2200205 i 4500 | ||
|---|---|---|---|
| 001 | 000635016 | ||
| 003 | AM-YeHGA | ||
| 005 | 20250617140606.0 | ||
| 008 | 090223s1987 ru r 000 0 rus d | ||
| 040 | _aAM-YeHGA | ||
| 041 | 0 | _arus | |
| 245 | 0 | 0 |
_aИсследования в области выскоих давлений / _cПод ред. Е. В. Золотых. |
| 260 |
_aМосква : _bИзд-во стандартов, _c1987. |
||
| 300 |
_a303,[1] с. : _bил. ; _c23 см. |
||
| 504 | _aБиблиогр.: с. 295-302 | ||
| 653 | 0 | _aДавления высокие - Измерение | |
| 653 | 0 | _aМатериалы - Физико-химические свойства при высоких давлениях | |
| 700 | 1 |
_aЗолотых, Евдокия Васильевна _eред. _4edt |
|
| 090 | _c224268 | ||
| 999 |
_c222733 _d222733 |
||